LEADER 01001nam a2200253 i 4500 001 000000226611 003 CaOOAMICUS 005 20140128000000.0 008 140128s2007 it u000 u ita u 013 $a205513 020 $a88-87940-83-5 040 $aSeMil$bita 100 1 $aSabatini, Carlo.$0(OLS)http://semarc/name/78626 245 10$aMotti militari /$cCarlo Sabatini. 260 $aRoma :$bUfficio storico SME,$c2007. 300 $a377 p. ;$c24 cm. 650 4$aEsercito italiano - Storia.$0(OLS)http://semarc/subject/37002 650 4$aEsercito italiano - Motti.$0(OLS)http://semarc/subject/41122 850 $aSeMil 852 $aSeMil$W1$xVenegono$y1$m3V V 3$j176957$B176957$CSeMilBibl$Z2$F188699 $81 961 $aOmaggio: Grampa dott. Cesare 996 $6020$a88-87940-83-5$9(OLS)http://semarc/number/227936 996 $6245$aMotti militari$9(OLS)http://semarc/title/324423 996 $6260$aRoma :$bUfficio storico SME$9(OLS)http://semarc/publisher/35604 LEADER 01238nam a2200265 i 4500 001 000000151547 003 CaOOAMICUS 005 20260415145219.0 008 060821s1967 it u000 u fre u 013 $a128885 040 $aSeMil$bita 100 1 $aRahner, Karl,$c.$0(OLS)http://semarc/name/61 245 10$aScience, évolution et pensée chrétienne :$bthéologie et sciences : christologie et évolution /$cKarl Rahner ; préface de Henri : Lavalette de et Christian D'Armagnac. 260 $aParis :$bDesclée de Brouwer,$c1967. 300 $a168 p. ;$c21 cm. 490 0 $aTemps et visages 700 1 $aD'Armagnac, Christian.$0(OLS)http://semarc/name/59549 700 1 $aLavalette, Henri : de,$d.$0(OLS)http://semarc/name/26446 830 0$aTemps et visages.$0(OLS)http://semarc/title/21420 850 $aSeMil 852 $aSeMil$W1$xVenegono$y1$m2B II 108$j103574$B103574$CSeMilBibl$Z2$F113774 $81 961 $aLascito: Gogna prof.ssa Silvia 996 $6245$aScience, évolution et pensée chrétienne :$bthéologie et sciences : christologie et évolution$9(OLS)http://semarc/title/221475 996 $6260$aParis :$bDesclée de Brouwer$9(OLS)http://semarc/publisher/30132